| 000 | 00536nam a2200193 i 4500 | ||
|---|---|---|---|
| 001 | bg | ||
| 100 | 1 | _aCHODAK, Bogumił | |
| 245 | 0 |
_aWybrane zagadnienia metrologii ogólnej, prawnej i probiernictwa / _cB. Chodak, J. Maciejewski, A. Podemski. |
|
| 260 |
_aWarszawa, _c1989. |
||
| 490 | 1 | _aBiblioteka Metrologii | |
| 700 | 1 | _aMACIEJEWSKI, Jan | |
| 700 | 1 | _aPODEMSKI, AAndrzej | |
| 830 | _aBiblioteka Metrologii | ||
| 040 | _cBPK | ||
| 041 | _apol | ||
| 080 | _a389 | ||
| 942 | _cKS | ||
| 008 | s pl f |000 0 pol | ||
| 999 |
_c28913 _d28913 |
||
| 856 |
_uhttp://koha.tu.koszalin.pl/cgi-bin/koha/opac-detail.pl?biblionumber=28913 _yKatalog online BPK |
||